000 00762nam a2200205Ia 4500
001 2539
003 GE_BSU
008 181216s||||||||xx |||||||||||||| ||und||
020 _a9992847174
040 _cGE_BSU
100 _aკაპანაძე,ნათელა
245 _aხალხური ყოფა და აღზრდის წეს–ჩვეულებები რაჭაში(სოფელი რაჭისუბანი)
260 _aთბილისი
260 _bმეცნიერება
260 _c2004
300 _a94გვ.
541 _h5ლ.
653 _aხალხური ყოფა და აღზრდის წეს–ჩვეულებები რაჭაში
942 _cBK
999 _c36619
_d36619